000 00964nam a2200265Ia 4500
003 OSt
005 20220923211426.0
006 a|||||r|||| 00| 0
007 ta
008 220922b |||||||| |||| 00| 0 san d
020 _a9788193758717 (hbk)
_c280
024 _a349,281
037 _b240, 16/01/2019, Eastern Book Linkers
_cTextual
040 _aARTS
_cARTS
_bsan
041 _2san
_asan
082 _aO15,6x, 152Q8
100 _aद्विवेदी, रंगनाथ, ले.
245 0 _aऋते ज्ञानात्र मुुक्ति
246 _aṚute jnyānātra muukti
260 _aवाराणसी
_b मानस पब्लिकेशन
_c2018
300 _a78पृ0
_ccm.
650 _aसंस्कृत साहित्य
942 _hO15,6x, 152Q8
_cTEXL
_2CC
999 _c299303
_d299303